Quizzes
Events
Quiz Creation
Community
Videos
Private Events
Remove Ads
Sign In
Join for FREE
Feedback
Dark Mode
Quiz Categories
Sports
Geography
Music
Movies
Television
Just For Fun
Miscellaneous
History
Literature
Language
Science
Gaming
Entertainment
Religion
Holiday
For Kids
Quiz Lab
Recent
Popular Today
Quiz Kudos Today
Editor Picks
Curator Picks
Quizzes by...
Day
Popularity
Type
Ratings
Length
Year
Community
Subscriptions
Recent Discussions
Orange Saloon
Badges
Playlists
Quests
Create
Leaderboards
Showdown
Live 5
Trivia Bingo
Activity
Puzzle Library
Sporcle Events
Private Events
Virtual Trivia
Globe League
Become a Host
Pub Owners
SporcleCon
Opinionation
Our Games
Videos
Blog
Mobile Apps
Partnerships
Remove Ads and Go Orange
Feedback
Sports
Athletes
MLB
NBA
NHL
NFL
Soccer
Sports Teams
WWE
NCAA
Football
Premier League
Basketball
Baseball
Hockey
Golf
Tennis
Cricket
Rugby
Auto Racing
Olympics
World Cup
Sports
Athletes
MLB
NBA
NHL
NFL
Soccer
Sports Teams
WWE
NCAA
Football
Premier League
Basketball
Baseball
Hockey
Golf
Tennis
Cricket
Rugby
Auto Racing
Olympics
World Cup
Random Quiz
Search Sporcle
×
Quiz Lab
Quiz Lab
Sports
Premier League
Type in answers that appear in a list
Type in answers that appear in a list
Classic
Best Score? Go Orange.
The End of English Football Stats
Can you name the 24 suffixes that are used by the 92 English League clubs?
By
500cameron
4m
24 Questions
3,107 Plays
3,107 Plays
3,107 Plays
Comments
Comments
Give Quiz Kudos
Give Quiz Kudos
-
- Ratings
hide this ad
More Info
Replay
Link that replays current quiz
Next Quiz
Link to next quiz in quiz playlist
You Got
0%
They Got
Avg Score
61%
Avg Friend Score
Upgrade to see
Score Distribution
Jump to the score distribution portion of the page
Score
0/24
Timer
04:00
0
Plays Today
Number of clubs with suffix
Suffix
% Correct
15
United
99.6%
12
City
98.9%
10
Town
96%
4
Rovers
88.3%
3
Albion
83.8%
3
Wanderers
83.4%
3
Athletic
81.5%
2
County
76.7%
1
Villa
68.9%
1
Hotspur
64.7%
1
Wednesday
64.5%
1
Argyle
62.8%
Number of clubs with suffix
Suffix
% Correct
1
Forest
59.6%
1
Rangers
58.1%
1
Palace
53.8%
1
Dons
48.1%
1
Vale
47.1%
1
Alexandra
46.2%
1
Orient
44.1%
1
End
43.2%
1
Stanley
43%
1
Redbridge
31.3%
1
Wimbledon
18.4%
1
Bournemouth
15.9%
Quiz Playlist
Details
Report
Send in Message
Add To Playlist
More Info:
Some answers can be seen as the last word of the team name as opposed to a specific suffix, hope that helps in your guessing :-)
Classic:
Type in answers that appear in a list
Last Updated: Sep 15, 2017
Quiz Scoreboard
CHALLENGE
Sign Up to Join the Scoreboard
Show All
Scores
Hide
Comments
May contain spoilers
Recently Published
Presidents Visiting Landmarks
by Hejman
History
7m
An Introduction to Baseball
by treessimontrees
Sports
5m
Movies - When Are They Set?
by FPL_Elf
Movies
5m
More to Explore
Quiz From the Vault
Featured Blog Post
Where Did the Easter Bunny Come From?
hide this ad
You Might Also Like...
Tags
Football Quiz
Premier League Quiz
Soccer Quiz
English Clubs
English League
English Soccer
Football Clubs
Today's Top Quizzes in Sports
Browse Sports
hide this ad
Today's Top Quizzes in Premier League
Browse Premier League
Top Contributed Quizzes in Sports
1
Les meilleurs buteurs des matchs entre le PSG et l’OM
2
2022 World Cup Stars
3
FIFA Club World Cup Champions
4
Les entraîneurs de l'OM et du PSG au 21e siècle
5
Name the Premier League winners with different clubs
6
5-to-1: UK Sports Teams
7
La finale Lions - Afrique du Sud 2021
8
Criteria MLB: Left Handed Sluggers
9
AFC Teams Reveal (Wrong Answers Minefield)
10
England Test cricketers to play under Nasser Hussain
Explore More
Trending Topics
Harry Potter
Kpop
Disney
Anime
NBA
Crossword
Marvel
Puzzle
NFL
Pokémon
Soccer
Song
Country
The Office
WWE
hide this ad
More By:
500cameron
Quiz
Plays
Rating
Category
Featured
Created
Populous cities or towns of Scotland by any 3 letters
4,109
4.39
Geography
Oct 30, 2012
The End of English Football
3,107
2.12
Sports
Sep 21, 2011
SPL Hat Trick Heroes
1,426
4.75
Sports
Aug 14, 2012
Nationality of Cosmo/Astronauts
967
4.42
History
Sep 21, 2011
Football Team by home City/Town (Clickable)
897
4.33
Sports
Aug 15, 2012
Go to Creator's Profile
Score Distribution
Quiz Creator Spotlight
500cameron
Follow
Send a Message
Quizzes Created
-
Created Quiz Play Count
-
More By This Creator
Popular Quizzes Today
1
Find the US States - No Outlines Minefield
2
Find the Countries of Europe - No Outlines Minefield
3
The Countries of the World
4
Find the US States
5
Popular People in 1961
6
US States
7
Risky Map Clicking: Biggest States A-Z
8
Movies - When Are They Set?
More Sports Quizzes
2021/2022 - Over 15 Goals in Top 5 Leagues
Quiz Lab
Trending Quizzes
Risky Map Clicking: Least Populous States A-Z
1-10 Letter G Words
1-10 Letter F Words
Risky Map Clicking: Next State Alphabetically
Risky Map Clicking: Biggest States A-Z
Recently Updated
Leaping Animals
pecheneg
Reality TV Shows (A-Z)
bhenderson79
Rickey Henderson's Hall of Fame Teammates
pecheneg
Champions League XIs: Arsenal
pecheneg
Quick Pick: Celebrities in WWE's Hall of Fame
aduchscher
A-Z Keypad Blitz II
pecheneg
Multiple Oscar Actors
pecheneg
Mystery Phrase Blitz: Oscar 'Best Actors'
pecheneg
F. Scott Fitzgerald Novels
LTH
Pick 3 Villains
ddd62291
Trending Topics
Disney
Anime
Kpop
Crossword
NBA
Marvel
Harry Potter
Puzzle
Soccer
Song
NFL
WWE
Country
The Office
Pokémon
Your Account Isn't Verified!
In order to create a playlist on Sporcle, you need to verify the email address you used during registration. Go to your
Sporcle Settings
to finish the process.
Report this User
Report this user for behavior that violates our
Community Guidelines
.
Details:
Send Report
Go to the Sporcle.com Mobile Site →
Comments